| 000 | 01612nma a22002417a 4500 | ||
|---|---|---|---|
| 005 | 20210325195009.0 | ||
| 006 | g q || | ||
| 008 | s2548 th tha d | ||
| 041 | _atha | ||
| 090 | _aCD709 | ||
| 110 | 0 | _aสำนักงานคณะกรรมการวิจัยแห่งชาติ. ศูนย์ข้อสนเทศการวิจัย | |
| 245 | 1 | 0 | _aห้องสมุดงานวิจัย : บรรณานุกรมรายงานวิจัยและวิทยานิพนธ์ 2548 [CD-ROM] |
| 260 | 3 |
_aกรุงเทพฯ : _bสำนักงานคณะกรรมการวิจัยแห่งชาติ, _c2548 |
|
| 300 | _a1 แผ่นsd., col. | ||
| 610 | _aสำนักงานคณะกรรมการวิจัยแห่งชาติ. ศูนย์ข้อสนเทศการวิจัย | ||
| 650 | 0 | 4 | _aวิทยานิพนธ์ -- บรรณานุกรม -- 2548 |
| 650 | 0 | 4 | _aรายงานวิจัย -- บรรณานุกรม -- 2548 |
| 650 | 0 | 4 | _aรายงานวิจัยและวิทยานิพนธ์ -- บรรณานุกรม -- 2548 |
| 650 | 0 | 4 | _aรายงานวิจัยและวิทยานิพนธ์ -- บรรณานุกรม -- 2548รายงานวิจัย -- บรรณานุกรม -- 2548วิทยานิพนธ์ -- บรรณานุกรม -- 2548 |
| 850 | _aNALT | ||
| 942 | _cCD | ||
| 997 |
_c000000000045902 _kVC |
||
| 999 |
_c45902 _d45902 |
||